| 000 | 00419nam a2200169Ia 4500 | ||
|---|---|---|---|
| 001 | 27639 | ||
| 003 | Ost | ||
| 005 | 20260507160208.0 | ||
| 008 | 251113s9999||||xx |||||||||||||| ||eng|| | ||
| 040 | _cnitttr | ||
| 041 | _aeng | ||
| 082 |
_a620.106 _bG93F |
||
| 100 | _aGupta, Vijay | ||
| 245 | 0 |
_aFluid mechanics and its applications. / _cGupta, Vijay, Gupta, Santosh K. |
|
| 700 | _a Gupta, Santosh K. | ||
| 942 | _cBK | ||
| 999 |
_c27448 _d27448 |
||